000 01489nam0a22003251 4500
001 v19\rc\1582437
005 20250619051137.0
035 _a(NLR Aleph) 004836047
090 _a4772405
_c4772405
100 _a20061002d1894 |||y0rusy50 ca
101 1 _arus
_ceng
102 _aRU
105 _ay z |||a|
200 1 _aПод тенью меча
_d(The shadow of the sword)
_eРоман из эпохи Наполеона I
_eПер. с англ.
_f[Соч.] Роберта Буканана
_zeng
210 _aСанкт-Петербург
_cтип. А.С. Суворина
_d1894
215 _a230 с.
_d24
311 _aПрил. к журн. "Историч. вестник", 1894, янв.-сент.
316 _aЭкз. РНБ (1/205): приплетен к "Ист. вестнику" за 1894 г.
_5NLR: 1/205
422 0 _12001#$aИсторический вестник$v1894, янв.-сент.
_tИсторический вестник
482 0 _12001#$aИсторический вестник$v1894
_tИсторический вестник
510 0 _a(The shadow of the sword)
_zeng
700 1 _9z01790
_aБьюкенен
_bР.В.
_f1841-1901
_gРоберт Вильямс
702 0 _aНаполеон
_cфр. имп.
_dI
_f1769-1821
_4570
790 1 _9z01700
_aБуканан
_bР.
_f1841-1901
_gРоберт
801 0 _aRU
_bNLR
_gpsbo
801 1 _aRU
_bProSoft-M
_2rusmarc
852 _aNLR
_j1/205(период.)
852 _aNLR
_j80-7/424
942 _cBOOK
980 _aNB